[Event "Naval CC 27th"]
[Site "Brazil"]
[Date "1995.??.??"]
[Round "3"]
[White "Borges Cardoso, Carlos A"]
[Black "Rabello, David Sousa"]
[Result "1-0"]
[WhiteElo "2165"]
[BlackElo "1700"]
[PlyCount "119"]
[EventDate "1995.??.??"]
[EventType "swiss"]
[EventRounds "6"]
[EventCountry "BRA"]
[SourceTitle "EXT 2005"]
[Source "ChessBase"]
[SourceDate "2004.11.15"]
[SourceVersion "1"]
[SourceVersionDate "2004.11.15"]
[SourceQuality "1"]

1. e4 d6 2. d4 Nf6 3. Nc3 g6 4. Bg5 Bg7 5. e5 dxe5 6. dxe5 Qxd1+ 7. Rxd1 Ng4 8. Nd5 Bxe5 9. Nf3 Bd6 10. Bxe7 c6 11. Bxd6 cxd5 12. Rxd5 Be6 13. Rd1 Nc6 14. h3 Nf6 15. Ne5 Nd7 16. Nxc6 bxc6 17. Ba6 Nb6 18. Bb7 Rd8 19. Bxc6+ Bd7 20. Bxd7+ Rxd7 21. b3 f6 22. c4 Kf7 23. Bf4 Re8+ 24. Be3 Rde7 25. 0-0 f5 26. Bxb6 axb6 27. Rd6 Rb7 28. Rfd1 Re2 29. Rd7+ Rxd7 30. Rxd7+ Ke8 31. Rb7 Rxa2 32. Rxb6 Ra1+ 33. Kh2 Kd8 34. c5 Kc7 35. b4 Rc1 36. Rf6 Rc4 37. Rf7+ Kc6 38. Rxh7 Rxb4 39. Rh6 Kxc5 40. Rxg6 Kd5 41. g4 fxg4 42. hxg4 Ke4 43. Rf6 Ke5 44. Rf5+ Ke6 45. Kg3 Rb3+ 46. Kh4 Rb1 47. f4 Rb8 48. Re5+ Kf6 49. g5+ Kg6 50. Kg4 Rb1 51. f5+ Kf7 52. g6+ Kf6 53. Re6+ Kg7 54. Re7+ Kf6 55. Rf7+ Ke5 56. g7 Ke4 57. Re7+ Kd5 58. Kg5 Rg1+ 59. Kf6 Kd6 60. Re8 1-0